书目信息 |
| 题名: |
民国农业文献数字化整理及信息组织
|
|
| 作者: | 王雅戈 | |
| 分册: | ||
| 出版信息: | 中国三峡 2007.12 |
|
| 页数: | 198页 | |
| 开本: | 20cm | |
| 丛书名: | ||
| 单 册: | ||
| 中图分类: | G257.39 | |
| 科图分类: | ||
| 主题词: | 图书馆学 , 图书馆事业 | |
| 电子资源: | ||
| ISBN: | 978-7-80223-303-4 | |
| 000 | 00569nam0 2200217 45 | |
| 001 | 0931280874 | |
| 005 | 20091021084217.60 | |
| 010 | @a978-7-80223-303-4@dCNY28.00 | |
| 100 | @a20090515d2007 ekmy0 y0120 ea | |
| 102 | @aCN@b130000 | |
| 105 | @ay z 000yy | |
| 200 | 1 | @a民国农业文献数字化整理及信息组织@f王雅戈@Fwang ya ge |
| 210 | @c中国三峡@d2007.12 | |
| 215 | @a198页@d20cm | |
| 606 | 0 | @a图书馆学 |
| 606 | 0 | @a图书馆事业 |
| 690 | @aG257.39@v4 | |
| 701 | 0 | @a王雅戈@Awang ya ge |
| 801 | 0 | @aCN@c20091021 |
| 905 | @a10447@dG257.39@eW412 | |
| 906 | @d28@n3@r1 | |
| 民国农业文献数字化整理及信息组织/王雅戈.-中国三峡,2007.12 |
| 198页;20cm |
| ISBN 978-7-80223-303-4:CNY28.00 |
| ● |
| 相关链接 |
|
|
|
正题名:民国农业文献数字化整理及信息组织
索取号:G257.39/W412
 
预约/预借
| 序号 | 登录号 | 条形码 | 馆藏地/架位号 | 状态 | 备注 |
| 1 | 657889 | 206578899 | 社科库409/409社科库 60排1列1层/ [索取号:G257.39/W412] | 在馆 | |
| 2 | 657890 | 206578906 | 社科库409/409社科库 60排1列2层/ [索取号:G257.39/W412] | 在馆 | |
| 3 | 657891 | 206578915 | 社科库409/409社科库 60排1列2层/ [索取号:G257.39/W412] | 在馆 |